000 01991nam a2200301Ia 4500
999 _c45422
_d45422
001 12246
003 GE_BSU
005 20240704165507.0
008 181216s2014||||geo|||||||||||||| ||ge ||
020 _a9789941071249
040 _cGE_BSU
041 _ageo
080 _a94(560)+32(560) მ-26
100 _aმანჩხაშვილი, მაია
_913885
245 _aქემალიზმი და დემოკრატიზაცია თურქეთში :
_b[ქემალ ათათურქის პრინციპები] /
_cმაია მანჩხაშვილი, ემზარ მაკარაძე ; სამეცნ. რედ. : ზურაბ დავითაშვილი, სალომე დუნდუა ; გამომც.-რედ. ნუგზარ ჭიაბერაშვილი.
264 _aთბილისი :
_bსაგამომცემლო სახლი ქართული ელიტა,
_c2014.
300 _a72 გვ. ;
_bსურ. ;
_c20 სმ.
504 _aბიბლიოგრ. : გვ. 66-72
653 _aქემალიზმი და დემოკრატიზაცია თურქეთში
653 _aქემალ ათათურქი, მ., 1880-1938 (მუსტაფა)
653 _aთურქეთის საშინაო პოლიტიკა
653 _aდემოკრატია თურქეთში
653 _aქემალიზმი
700 _aდავითაშვილი, ზ. (ზურაბ)
_eსამეცნიერო რედაქტორი
_913887
700 _aდუნდუა, ს. (სალომე)
_eსამეცნიერო რედაქტორი
_922720
700 _aჭიაბერაშვილი, ნ. (ნუგზარ)
_e გამომცემლობის-რედაქტორი
_922721
942 _cBK
_2udc